[Event "Dortmund NRW Cup U20 Girls"]
[Site "Dortmund"]
[Date "2021.07.16"]
[Round "6"]
[White "Trunz, Michelle"]
[Black "Sickmann, Lisa"]
[Result "1-0"]
[WhiteElo "1671"]
[BlackElo "1449"]
[PlyCount "85"]
[EventDate "2021.07.13"]
[EventType "tourn"]
[EventRounds "9"]
[EventCountry "GER"]
[SourceTitle "CBM 203 Extra"]
[Source "ChessBase"]
[SourceDate "2021.09.30"]
[SourceVersion "1"]
[SourceVersionDate "2021.09.30"]
[SourceQuality "1"]

1. d4 d5 2. c4 e6 3. Nc3 Nf6 4. Bg5 Nbd7 5. e3 c6 6. Nf3 Qa5 7. Nd2 dxc4 8. Bxf6 Nxf6 9. Nxc4 Qc7 10. Bd3 Be7 11. Qc2 0-0 12. h4 h5 13. Ne5 c5 14. Ke2 cxd4 15. exd4 Bd6 16. f4 Nd5 17. g3 Bd7 18. Nxd5 Qxc2+ 19. Bxc2 Bxe5 20. Ne7+ Kh8 21. fxe5 Rae8 22. Ng6+ fxg6 23. Bxg6 Rc8 24. Rac1 Bc6 25. Rhf1 Bb5+ 26. Bd3 Bxd3+ 27. Kxd3 Kh7 28. Rxf8 Rxf8 29. Ke3 Rf7 30. Rc8 Kg6 31. Rc2 Re7 32. Ke4 Rd7 33. Rc5 b6 34. Rc6 Kf7 35. b4 Ke7 36. a4 Kf7 37. a5 Rb7 38. axb6 axb6 39. b5 Ke7 40. d5 exd5+ 41. Kxd5 Kf7 42. Kd6 Rb8 43. e6+ 1-0